محمود عزمى: (Record no. 14158)
[ view plain ]
| 000 -LEADER | |
|---|---|
| fixed length control field | 00651nam a22001817a 4500 |
| 008 - FIXED-LENGTH DATA ELEMENTS--GENERAL INFORMATION | |
| fixed length control field | 100622t xxu||||| |||| 00| 0 eng d |
| 020 ## - INTERNATIONAL STANDARD BOOK NUMBER | |
| International Standard Book Number | 9770221430 |
| 082 ## - DEWEY DECIMAL CLASSIFICATION NUMBER | |
| Edition number | 22 |
| Classification number | 070.92 |
| Item number | ك ا م |
| 100 ## - MAIN ENTRY--PERSONAL NAME | |
| 9 (RLIN) | 15036 |
| Personal name | كامل، نجوى |
| 245 ## - TITLE STATEMENT | |
| Title | محمود عزمى: |
| Remainder of title | رائد الصحافة المصرية / |
| Statement of responsibility, etc | نجوى كامل |
| 260 ## - PUBLICATION, DISTRIBUTION, ETC. (IMPRINT) | |
| Place of publication, distribution, etc | القاهرة: |
| Name of publisher, distributor, etc | دار المعارف ، [1987]. |
| Date of publication, distribution, etc | [1987]. |
| 300 ## - PHYSICAL DESCRIPTION | |
| Extent | 157ص ؛ |
| Dimensions | 20سم. |
| 490 ## - Series Statement | |
| -- | 15043 |
| Series statement | اقرأ |
| Volume/sequential designation | 533. |
| 500 ## - GENERAL NOTE | |
| General note | إهداء : علاء عبد الغنى |
| 600 ## - SUBJECT ADDED ENTRY--PERSONAL NAME | |
| 9 (RLIN) | 15163 |
| Personal name | عزمي، محمود |
| Dates associated with a name | 1889-1954 |
| 650 ## - SUBJECT ADDED ENTRY--TOPICAL TERM | |
| 9 (RLIN) | 15162 |
| Topical term or geographic name as entry element | الصحف المصرية |
| 942 ## - ADDED ENTRY ELEMENTS (KOHA) | |
| Source of classification or shelving scheme | Dewey Decimal Classification |
| Item type | Book - Borrowing |
| Withdrawn status | Item status | Source of classification or shelving scheme | Damaged status | Not for loan | Vendor | Home library | Current library | Shelving location | Date acquired | Source of acquisition | Total Checkouts | Full call number | Barcode | Date last seen | Koha item type |
|---|---|---|---|---|---|---|---|---|---|---|---|---|---|---|---|
| Dewey Decimal Classification | Central Library | Central Library | Lower Floor | 22/06/2010 | Donation | 070.92 كام | 000021019 | 15/07/2025 | Book - Borrowing |